000
00232nam a2200109Ia 4500
999
_c
7475
_d
7475
020
_a
978-0471243489
100
_a
Howard Anton
245
0
_a
Calculus
260
_a
New Delhi
_b
Tata McGraw Hill
_c
1999
300
_a
1200
942
_c
BK